000 00308nam a2200145Ia 4500
100 _aCornell/ G./ Horenstmann.C
942 _cBK
654 _aComputer
245 _aCore Java
260 _bPrentice -Hall
_aNew york
_c1997
082 _a005.133J
_bCOR
300 _a766
546 _aENGLISH
999 _c30022
_d30022